000 00395nam a2200145Ia 4500
008 231129s2004||||xx |||||||||||||| ||spa||
020 _a958-8156-54-8
040 _bspa
082 _aR 918.6148 R846b
100 _aothkirch Cristóbal von
245 0 _aBogotáviva
260 _c2004
264 _aBogotá Colombia : Villegas Editores
942 _2ddc
_cBKS
999 _c6250
_d6250